|
|
|
|
| LEADER |
00000naa a2200000uu 4500 |
| 001 |
vtls011060336 |
| 003 |
SK-MaSNL |
| 005 |
20260302111726.0 |
| 008 |
210906|2008 xo |||||||||||||||||slo| |
| 015 |
|
|
|a SNBRA
|
| 035 |
|
|
|a (urnnbn)urn:nbn:sk:snk:ar-a0c243
|
| 035 |
|
|
|a (uuid)bc774331-e5ca-49f2-9d0d-1b77bcf3b5d1
|
| 035 |
|
|
|a urn:nbn:sk:snk-aav8ng
|
| 040 |
|
|
|a SNKBUCL
|b slo
|c SNKBUCL
|e AACR2
|
| 041 |
0 |
|
|a slo
|
| 044 |
|
|
|a xo
|c SK
|
| 100 |
1 |
|
|a Kliková, Katarína
|4 aut
|9 789641
|
| 245 |
1 |
0 |
|a Použitie kométového testu na detekciu DNA poškodenia u Chlamydomonas reinhardtii
|c Katarína Kliková
|
| 773 |
0 |
|
|t Študentská vedecká konferencia
|d Bratislava : Iris, 2008
|g S. 153-155
|z 9788089238163
|
| 958 |
|
|
|a OND
|
| 958 |
|
|
|a article12
|
| 958 |
|
|
|a chapter
|
| 999 |
|
|
|c 1248730
|d 1250660
|